00713nac a22001811u 4500020001500000082001800015090001500033100003400048245012600082260005200208300002800260500002600288511002700314650004900341942002000390999001500410952010600425 a0324349289 a658.4033bKLI c6412d6412 aKlibanoff, Peter  aHarvard business school cases to accompany Managerial statistics :b A case-based approach /cPeter Klibanoff et ...[al.] aMason, Ohio :bThomson South-Western,2006c2006 a22 p. :bill. ;c26 cm. adistributer: Al-Ahram acatalogued by: wesssam aManagementxstatistical methods case studies cBBk658.4033KLI c6412d6412 00104070aMAINbMAINc1STd2007-11-22ePurchasel0o658.4033KLIp000007363r2025-07-15 00:00:00yBB